|
|
|
|
| LEADER |
02210nam a22003494a 4500 |
| 001 |
35603 |
| 003 |
BD-DhAAL |
| 005 |
20211205132701.0 |
| 008 |
191118t20072004ii a f 001 0 eng |
| 999 |
|
|
|c 41839
|d 41839
|
| 010 |
|
|
|a 2004016259
|
| 020 |
|
|
|a 0761932666 (PB)
|
| 020 |
|
|
|a 8178294044 (India : pbk.)
|
| 040 |
|
|
|a DLC
|c DLC
|d DLC
|d BD-DhAAL
|
| 042 |
|
|
|a pcc
|
| 043 |
|
|
|a a-ii---
|
| 050 |
0 |
0 |
|a LC1203.I43
|b H36 2004
|
| 082 |
0 |
0 |
|a 371.90460954
|2 22
|
| 245 |
0 |
0 |
|a Handbook of inclusive education for educators, administrators, and planners :
|b within walls, without boundaries /
|c edited by Madhumita Puri and George Abraham.
|
| 260 |
|
|
|a New Delhi ;
|a Thousand Oaks, Calif. :
|b Sage Publications,
|c 2011
|
| 300 |
|
|
|a 309 pages :
|b illustrations ;
|c 23 cm.
|
| 500 |
|
|
|a Includes index.
|
| 505 |
0 |
|
|a Historical perspectives / Madhumita Puri and George Abraham -- Why inclusion / Madhumita Puri and George Abraham -- Current provisions of law and policy / Shruti Pandey -- Special and inclusive educational services in India / Sushil Goel and Indumathi Rao -- An inclusive world / Renu Singh -- Hearing impairment / Sandhya Limaye -- Visual impairment / George Abraham -- Orthopedic impairment / Anjalee Agarwal -- Learning disability / Mallika Ganapathy and Lakshmi Krishnakumar -- Cerebral palsy / Reena Sen -- Intellectual impairment / Madhumita Puri -- Autism spectrum disorders / Mythily Chari -- Schools in rural areas / Indumathi Rao -- The role of special schools / Madhumita Puri and George Abraham -- Amendments in law and policy / Madhumita Puri and George Abraham -- The real school / Madhumita Puri and George Abraham.
|
| 526 |
|
|
|a BIED
|
| 541 |
|
|
|a Complimentary copy from BIED
|e 35603
|
| 650 |
|
0 |
|a Inclusive education
|z India
|v Handbooks, manuals, etc.
|9 37229
|
| 650 |
|
0 |
|a Social science
|9 37230
|
| 700 |
1 |
|
|a Puri, Madhumita,
|d 1957-
|9 37231
|
| 700 |
1 |
|
|a Abraham, George,
|d 1958-
|9 37232
|
| 852 |
|
|
|a Ayesha Abed Library
|c BIED Collection
|
| 942 |
|
|
|2 ddc
|c BK
|
| 952 |
|
|
|0 0
|1 0
|2 ddc
|4 0
|6 371_904609540000000_HAN
|7 0
|9 67178
|a BRACUL
|b BRACUL
|c GEN
|d 2019-11-18
|e Complimentary copy from BIED
|l 0
|o 371.90460954 HAN
|p 3010035603
|r 2019-11-18
|t 1
|w 2019-11-18
|y BK
|x Transferred from BIED to General Stacks
|